000 00478nam a2200193Ia 4500
003 OSt
005 20250816111808.0
008 250729s2005 xx 000 0 und d
020 _a978-8176489317
040 _cAL
041 _aeng
082 _a370.15 SINP
100 _aSingh yogish Kumar
_9221348
245 _aHistory of indian education system
260 _aNew Delhi
_bA P H Publishing
_c2005
300 _a339p
650 _aPsychology
_9221349
942 _2ddc
_cBED
999 _c234968
_d234968